书目信息 |
| 题名: |
线性规划
|
|
| 作者: | 谈祥柏 编著 | |
| 分册: | ||
| 出版信息: | 上海 上海科学技术出版社 1959.06 |
|
| 页数: | 134页 | |
| 开本: | 19cm | |
| 丛书名: | ||
| 单 册: | ||
| 中图分类: | O221.1 | |
| 科图分类: | ||
| 主题词: | 运筹学 | |
| 电子资源: | ||
| ISBN: | ||
| 000 | 00523nam0 2200193 450 | |
| 001 | 0664173437 | |
| 005 | 20060727175052.21 | |
| 010 | @dCNY0.42 | |
| 100 | @a20060727d1959 km y0chiy0120 ea | |
| 101 | 0 | @achi |
| 102 | @aCN@b310000 | |
| 200 | 1 | @a线性规划@Axian xing gui hua@f谈祥柏编著@Ftan xiang bai bian zhu |
| 210 | @a上海@c上海科学技术出版社@d1959.06 | |
| 215 | @a134页@d19cm | |
| 606 | 0 | @a运筹学 |
| 690 | @aO221.1@v3 | |
| 701 | 0 | @a谈祥柏@Atan xiang bai@4编著 |
| 801 | 0 | @aCN@bPFT@c20060727 |
| 905 | @a10447@dO221.1@e112 | |
| 线性规划/谈祥柏编著.-上海:上海科学技术出版社,1959.06 |
| 134页;19cm |
| ISBN :CNY0.42 |
| ● |
| 相关链接 |
|
|
|
|
正题名:线性规划
索取号:O221.1/112
 
预约/预借
| 序号 | 登录号 | 条形码 | 馆藏地/架位号 | 状态 | 备注 |
| 1 | 0442504 | 204425041 | 密集书库/ [索取号:O221.1/112] | 在馆 | |
| 2 | 0442591 | 204425915 | 密集书库/ [索取号:O221.1/112] | 在馆 |